Escollera. Lengua castellana. Apoyo didáctico. 3º curso. Ciclo medio

Gespeichert in:
Bibliographische Detailangaben
1. Verfasser: Carratala Figueras, Domingo Carratala Teruel, Fernando
Format: keine Angabe
Sprache:Spanisch
Erschienen: Madrid Bruño 1984
Katalog:MANES:  Suchergebnis im Bibliothekskatalog
Schulbuchspezifische Eigenschaften:
Tags: Tag hinzufügen
Keine Tags, Fügen Sie den ersten Tag hinzu!
Hinzugefügt zu:26.04.2016
Geändert in:20.11.2024

MARC

LEADER 000000000a22000000004500
001 01989
003 OSt
005 20241121020106.0
008 160427s sp ||||| |||| 00| 0 spa d
040 |c centro_manes 
041 1 |a spa 
691 7 |a PRI 
100 1 |a Carratala Figueras, Domingo  |9 190  |a Carratala Teruel, Fernando  |9 191 
245 0 0 |a Escollera. Lengua castellana. Apoyo didáctico. 3º curso. Ciclo medio 
260 3 |a Madrid  |b Bruño  |c 1984 
300 |a 111 p.  |c 27x19 cm 
500 |a Fecha de publicación tomada del Depósito Legal 
690 0 |a LEN 
942 |2 ddc  |c BK 
546 |a España 
999 |c 7963  |d 7963 
999 |c manes:7963  |d 7963